LEADER 03298 am 2200721 n 450 001 9910495928303321 005 20240104030733.0 010 $a2-7574-3019-X 024 7 $a10.4000/books.septentrion.102857 035 $a(CKB)5590000000433152 035 $a(FrMaCLE)OB-septentrion-102857 035 $a(PPN)253363071 035 $a(EXLCZ)995590000000433152 100 $a20210128j|||||||| ||| 0 101 0 $afre 135 $auu||||||m|||| 200 03$aLa construction des professions juridiques et médicales$eEurope occidentale xviiie-xxe siècle$fJean-Paul Barrière, Hervé Leuwers 210 $aVilleneuve d'Ascq$cPresses universitaires du Septentrion$d2021 215 $a1 online resource (308 p.) 311 $a2-7574-2959-0 330 $aLa structuration des activités juridiques et médicales en Europe depuis le xviiie siècle a été jusqu?ici trop peu étudiée de manière conjointe, sous l?angle de leur professionnalisation et de leur inscription territoriale. L?ouvrage résulte d?une collaboration pluridisciplinaire entre historiens, sociologues et juristes. Après avoir présenté la notion de professionnalisation, dans ses dimensions historiographique et sociologique, les contributions analysent les modalités, les rythmes et les limites de la structuration de métiers liés au droit, à la médecine et à l?ordre public dans l?aire continentale ouest-européenne marquée par la tradition romaine (France, Espagne, Italie, Belgique, Allemagne). De manière originale, les professions libérales au sens strict sont rapprochées d?autres métiers d?ordre public (juges, policiers, gardes champêtres?). The structuring of legal and medical activities in Europe since the 18th century has so far been insufficiently studied jointly, from the point of view of their professionalization and territorial registration. 606 $aHistory 606 $aSociology 606 $aLaw (General) 606 $aprofessionnalisation 606 $aterritoire 606 $amédecin 606 $aavocat 606 $ajuge 606 $anotaire 606 $apolicier 606 $agarde champêtre 615 4$aHistory 615 4$aSociology 615 4$aLaw (General) 615 4$aprofessionnalisation 615 4$aterritoire 615 4$amédecin 615 4$aavocat 615 4$ajuge 615 4$anotaire 615 4$apolicier 615 4$agarde champêtre 700 $aAimerito$b Francesco$0602479 701 $aBarrière$b Jean-Paul$01238362 701 $aBerger$b Emmanuel$0867457 701 $aDenys$b Catherine$01296233 701 $aFillon$b Catherine$01281215 701 $aGaveau$b Fabien$01332816 701 $aHendrick$b Aude$01304800 701 $aLeuwers$b Hervé$0408174 701 $aLe Bianic$b Thomas$01290909 701 $aLimelette$b Renaud$01454294 701 $aMuller$b Françoise$01304801 701 $aNandrin$b Jean-Pierre$01233629 701 $aPauthier$b Céline$01291253 701 $aRenaudet$b Isabelle$01292153 701 $aVincent$b Marie-Bénédicte$01312434 801 0$bFR-FrMaCLE 906 $aBOOK 912 $a9910495928303321 996 $aLa construction des professions juridiques et médicales$93656865 997 $aUNINA LEADER 02119nam 2200409 450 001 9910820911303321 005 20191111111536.0 010 $a1-119-03671-2 010 $a1-119-03636-4 010 $a1-119-03670-4 035 $a(CKB)4330000000008112 035 $a(MiAaPQ)EBC5942019 035 $a(EXLCZ)994330000000008112 100 $a20191111d2020 uy 0 101 0 $aeng 135 $aurcnu|||||||| 181 $ctxt$2rdacontent 182 $cc$2rdamedia 183 $acr$2rdacarrier 200 00$aMedical management of wildlife species $ea guide for veterinary practitioners /$fedited by Sonia M. Hernandez [and four others] 210 1$aHoboken, New Jersey :$cWiley,$d[2020] 210 4$d©2020 215 $a1 online resource (499 pages) 300 $aIncludes index. 311 $a1-119-03658-5 330 $a"This book offers an all-encompassing resource for reliable information on the medical management of wild birds, mammals, amphibians, and turtles. Focusing on the medical information relevant to the wildlife setting, it covers triage, emergency care, and other key considerations in handling, diagnosing, and treating wild animals. The book's population-based approach encourages practitioners to understand individual animal care within the broader context. Medical Management of Wildlife Species: A Guide for Practitioners begins with a brief summary of natural history, and introductory chapters address general topics such as pre-release conditioning, post-release monitoring, and legal issues associated with handling wildlife species. Species-specific chapters provide practical information on medical management, including the most prevalent concerns for each species and the epidemiology of infectious diseases"--Provided by publisher. 606 $aAnimals$xDiseases 615 0$aAnimals$xDiseases. 676 $a636.0893 702 $aHernandez$b Sonia M.$f1969- 801 0$bMiAaPQ 801 1$bMiAaPQ 801 2$bMiAaPQ 906 $aBOOK 912 $a9910820911303321 996 $aMedical management of wildlife species$93924245 997 $aUNINA